00000000nam 2200000za 4500
0019.674438
003CaOODSP
00520250120161957
007cr |||||||||||
008150407|2005||||xxc|||||o    f|0| 0 por d
020 |a0-662-02814-7
040 |aCaOODSP|bfre
043 |an-cn---
0861 |aCD4-28/3-2005Por-PDF
1101 |aCanada.|bAgence canadienne de développement international.
24510|a[Programme Brésil-Canada de promotion de l'équité - PECPE initiatives à long terme. Livret 3] |h[ressource électronique]
2461 |aPrograma Brasil-Canadá para a promocão da eqüidade - PIPE, Iniciativas de Longo Prazo. Folheto 3
250 |a[Édition portugais].
260 |aGatineau - Québec : |bAgence canadienne de développement international |c2005.
300 |a18p.
500 |aPublié aussi en français sous le titre : Programme Brésil-Canada de promotion de l'équité - PECPE initiatives à long terme. Livret 3.
546 |aTexte en portugais.
590 |a12-23-Supp|b2012-05-28
69107|aDéveloppement du commerce international|2gcpds
69107|aProgramme international|2gcpds
77508|tProgramme Brésil-Canada de promotion de l'équité - PECPE initiatives à long terme. Livret 3 |w(CaOODSP)9.632082
791 |t[Brazil-Canada Equity Promotion Program - KEEP long-term initiatives. Booklet 3] |eeng|w(CaOODSP)9.674437
85640|ahttp://publications.gc.ca|qPDF|s541 Ko|uhttps://publications.gc.ca/collections/collection_2012/acdi-cida/CD4-28-3-2005-por.pdf